ARRUPE JESUIT UNIVERSITY

CORONAVIRUS -STOP THE SPREAD - CLEAN,DISINFECT,COVER

The philosophy of Karl Popper / (Record no. 117865)

MARC details
000 -LEADER
fixed length control field 00786pam a2200253 i 4500
001 - CONTROL NUMBER
control field 3635378
003 - CONTROL NUMBER IDENTIFIER
control field ARRUPE
005 - DATE AND TIME OF LATEST TRANSACTION
control field 20150425020007.0
008 - FIXED-LENGTH DATA ELEMENTS--GENERAL INFORMATION
fixed length control field 751028s1976 mau b 001 0 eng
010 ## - LIBRARY OF CONGRESS CONTROL NUMBER
LC control number 75032480
020 ## - INTERNATIONAL STANDARD BOOK NUMBER
International Standard Book Number 0870231987 :
Terms of availability $15.00
040 ## - CATALOGING SOURCE
Original cataloging agency DLC
Transcribing agency DLC
Modifying agency DLC
050 00 - LIBRARY OF CONGRESS CALL NUMBER
Classification number B1649.P64
Item number A3
082 00 - DEWEY DECIMAL CLASSIFICATION NUMBER
Classification number 192
300 ## - PHYSICAL DESCRIPTION
Dimensions 25 cm.
100 1# - MAIN ENTRY--PERSONAL NAME
Personal name Ackermann, Robert John,
Dates associated with a name 1933-
9 (RLIN) 505
245 14 - TITLE STATEMENT
Title The philosophy of Karl Popper /
Statement of responsibility, etc Robert John Ackermann.
260 ## - PUBLICATION, DISTRIBUTION, ETC. (IMPRINT)
Place of publication, distribution, etc Amherst :
Name of publisher, distributor, etc University of Massachusetts Press,
Date of publication, distribution, etc 1976.
300 ## - PHYSICAL DESCRIPTION
Extent x, 212 p. ;
500 ## - GENERAL NOTE
General note Includes indexes.
504 ## - BIBLIOGRAPHY, ETC. NOTE
Bibliography, etc Bibliography: p. 193-203.
600 10 - SUBJECT ADDED ENTRY--PERSONAL NAME
Personal name Popper, Karl R.
Fuller form of name (Karl Raimund),
Dates associated with a name 1902-1994.
9 (RLIN) 506
906 ## - LOCAL DATA ELEMENT F, LDF (RLIN)
a 7
b cbc
c orignew
d 1
e ocip
f 19
g y-gencatlg
942 ## - ADDED ENTRY ELEMENTS (KOHA)
Source of classification or shelving scheme Library of Congress Classification
Koha item type Monograph ( Printed materials)
Koha issues (borrowed), all copies 1
Holdings
Withdrawn status Lost status Source of classification or shelving scheme Damaged status Not for loan Home library Current library Date acquired Total Checkouts Full call number Barcode Date last seen Date checked out Price effective from Koha item type
    Library of Congress Classification     ARRUPE LIBRARY ARRUPE LIBRARY 18/09/2013 1 B1649.P64 A3 1976 46411671 06/05/2015 24/04/2015 18/09/2013 Monograph ( Printed materials)

 

Arrupe Library. PO Box MP320 Mt Pleasant, Harare, Zimbabwe
263 242 745411|librarian@aju.ac.zw